Gaming Quiz

Random Gaming or Pokémon Quiz

Pick the Pure Normal Pokémon Gen. III Quiz Stats

 Plays Quiz not verified by Sporcle

Score 0/14 Timer 01:30
0 Plays Today
% Correct
Vigoroth
96.2%
Zigzagoon
96.2%
Whismur
95.1%
Linoone
94.7%
Skitty
94.4%
Zangoose
94%
Slaking
93.6%
% Correct
Loudred
92.9%
Spinda
92.1%
Slakoth
91.4%
Delcatty
91%
Exploud
91%
Kecleon
89.8%
Castform
88.3%

You're not logged in!

Compare scores with friends on all Sporcle quizzes.
OR
Log In

Sporcle TV

Today on Sporcle TV


Watch our educational content, quiz creation guides, and fun videos on Sporcle TV.

Show Comments

Extras

Top Quizzes Today


Score Distribution

Your Account Isn't Verified!

In order to create a playlist on Sporcle, you need to verify the email address you used during registration. Go to your Sporcle Settings to finish the process.

Report this User

Report this user for behavior that violates our Community Guidelines.

Details: